Manual sobre acoso laboral (Registro nro. 4098)
[ vista simple ]
| 000 -Cabecera | |
|---|---|
| Campo de control de longitud fija | 00783nam a2200301 4500 |
| 005 - Fecha y hora de la última transacción | |
| Campo de control | 20240821162345.0 |
| 008 - Elementos de longitud fija--Información general | |
| Campo de control de longitud fija | 150324b2013 xxu||||| |||| 00| 0 spa d |
| 020 ## - International Standard Book Number | |
| Número Internacional Estándar del Libro (ISBN) | 9789977135724 |
| 041 ## - Idioma | |
| Código de idioma | Español |
| 082 ## - Clasificación Decimal Dewey | |
| Número de clasificación | 345.025 B858m |
| 100 ## - Entrada principal--Autor personal | |
| Nombre personal | Briones Briones, Erick |
| 9 (RLIN) | 27847 |
| 100 ## - Entrada principal--Autor personal | |
| Nombre personal | Vargas Morúa, Elizarda |
| 245 ## - Título propiamente dicho | |
| Título | Manual sobre acoso laboral |
| 260 ## - Pie de imprenta | |
| Lugar de publicación, distribución, etc. | Costa Rica |
| 260 ## - Pie de imprenta | |
| Nombre del editor, distribuidor, etc. | IJSA |
| 260 ## - Pie de imprenta | |
| Fecha de publicación, distribución, etc. | 2013 |
| 300 ## - Descripción física | |
| Extensión | 174 páginas |
| 650 ## - Materia general | |
| Temática (materia general) | COSTA RICA |
| 650 ## - Materia general | |
| Temática (materia general) | ACOSO LABORAL |
| 650 ## - Materia general | |
| Temática (materia general) | DELITOS CONTRA LAS PERSONAS |
| 650 ## - Materia general | |
| Temática (materia general) | DERECHO LABORAL |
| 650 ## - Materia general | |
| Temática (materia general) | LEGISLACIÓN COSTARRICENSE |
| 650 ## - Materia general | |
| Temática (materia general) | JURISPRUDENCIA |
| 650 ## - Materia general | |
| Temática (materia general) | PROCEDIMIENTO ADMINISTRATIVO |
| 650 ## - Materia general | |
| Temática (materia general) | RELACIONES LABORALES |
| 650 ## - Materia general | |
| Temática (materia general) | PREVENCIÓN |
| 942 ## - Punto de acceso adicional KOHA | |
| Tipo de ítem KOHA | Libro |
| Fuente del sistema de clasificación o colocación | Dewey Decimal Classification |
| Signatura completa | Código de barras | Tipo de ítem |
|---|---|---|
| 345.025 B858m | 19345 | Libro |